| 000 | 00414nam a2200157 i 4500 | ||
|---|---|---|---|
| 001 | bg | ||
| 100 | 1 | _aBAŃKOWSKI, Jacek. | |
| 245 | 0 |
_aProgramowanie maszyn cyfrowych - Algol, Fortran / _cJacek Bańkowski, Konrad Fiałkowski. |
|
| 260 |
_aWarszawa, _c1973. |
||
| 700 | 1 | _aFIAŁKOWSKI, Konrad. | |
| 040 | _cBPK | ||
| 041 | _apol | ||
| 080 | _a519.682 | ||
| 942 | _cKS | ||
| 008 | s pl f |000 0 pol | ||
| 999 |
_c7632 _d7632 |
||
| 856 |
_uhttp://koha.tu.koszalin.pl/cgi-bin/koha/opac-detail.pl?biblionumber=7632 _yKatalog online BPK |
||